| 000 | 00973nam a22003137a 4500 | ||
|---|---|---|---|
| 001 | 7713 | ||
| 003 | FISKH | ||
| 005 | 20250731161953.0 | ||
| 008 | 250731b cb ||||| |||| 00| 0 eng d | ||
| 020 | _a0439056543 | ||
| 040 |
_aFISKH _beng _cFISKH _dFISKH |
||
| 050 | _aPZ7.B81995 | ||
| 082 | _a823.914 | ||
| 100 | _aBrowne , Eileen | ||
| 245 |
_aHanda's surprise / _cBy Eileen Browne |
||
| 250 | _aFirst Scholastic printing, January 1999 | ||
| 260 |
_aNew York : _bScholastic , _c1994. |
||
| 300 |
_a32 unnumbered pages : _bcolor illustrations ; _c22 x 26 cm . |
||
| 490 | _aHanda | ||
| 505 | _aD | ||
| 520 | _aHanda carries seven delicious fruits to her friend Akeyo as a surprise, but meets some hungry animals along the way. | ||
| 521 | 8 |
_a160
_bLexile estimate |
|
| 521 | 8 |
_aD
_bRaz-Plus |
|
| 650 |
_aMulticultural _vFiction |
||
| 650 |
_aFriendship _vFiction |
||
| 650 |
_aAnimals _vFiction |
||
| 942 |
_2ddc _cBK _n0 |
||
| 999 |
_c7713 _d7713 |
||